| 000 | 01807nam a2200313Ia 4500 | ||
|---|---|---|---|
| 999 |
_c39430 _d39430 |
||
| 001 | 6021 | ||
| 003 | GE_BSU | ||
| 005 | 20190729133435.0 | ||
| 008 | 181216s2008||||geo|||||||||||||| ||geo|| | ||
| 020 | _a9789941903304 | ||
| 040 | _cGE_BSU | ||
| 041 | _ageo | ||
| 080 | _a69:658 + 69:658.51 + 693.002.5-52 ბ-73 | ||
| 100 |
_aბიჭიაშვილი, ჯონი _93343 |
||
| 245 |
_aმშენებლობის ორგანიზაცია, მექანიზაცია, ავტომატიზაცია, დაგეგმვა და მენეჯმენტი I წიგნი, პირველი ნაწილი : _bსახელმძღვ. / _cჯონი ბიჭიაშვილი, გიორგი სიჭინავა, გენო ნიჟარაძე ; რედ. ჯონი ბიჭიაშვილი |
||
| 264 |
_aთბილისი : _bლეგა ; _c2008. |
||
| 300 |
_a376 გვ. : _bნახაზები ; _c22 სმ. |
||
| 504 | _aბიბლიოგრ. : გვ. 363-370. | ||
| 541 | _h38ლ. | ||
| 653 | _aმშენებლობის ორგანიზაცია | ||
| 653 | _a მშენებლობის მექანიზაცია | ||
| 653 | _a მშენებლობის ავტომატიზაცია | ||
| 653 | _a მშენებლობის დაგეგმვა | ||
| 653 | _aმშენებლობის მენეჯმენტი. | ||
| 700 |
_aსიჭინავა, გიორგი _eავტორი _93344 |
||
| 700 |
_a ნიჟარაძე, გენო _eავტორი _93345 |
||
| 700 |
_aბიჭიაშვილი, ჯონი _dრედაქტორი _93346 |
||
| 942 |
_cBK _2udc |
||